Pays du Monde dans l'ordre alphabétique - Statistiques

Statistiques générales
  • Ce quiz a été pris 8 360 fois
    7 248 depuis la dernière actualisation
  • Le résultat moyen est 64 sur 194
Statistiques - réponses
Hint Réponse % Correct
Asie Afghanistan
89%
Europe Albanie
83%
Afrique Algérie
76%
Europe Allemagne
74%
Europe Andorre
74%
Afrique Afrique du Sud
73%
Afrique Angola
72%
Océanie Australie
70%
Amérique du Nord Antigua-et-Barbuda
68%
Amérique du Sud Argentine
68%
Europe Autriche
65%
Asie Arménie
64%
Europe Belgique
62%
Asie Azerbaidjan
61%
Amérique du Nord Bahamas
60%
Amérique du Sud Bolivie
59%
Amérique du Nord Barbade
58%
Amérique du Nord Belize
58%
Asie Bahreïn
56%
Asie Bangladesh
55%
Afrique Bénin
55%
Europe Biélorussie
55%
Amérique du Sud Brésil
55%
Amérique du Nord Canada
55%
Asie Birmanie
54%
Europe Bosnie-Herzégovine
54%
Afrique Botswana
54%
Europe Bulgarie
53%
Asie Arabie Saoudite
52%
Asie Bhoutan
52%
Amérique du Sud Chili
51%
Amérique du Sud Colombie
51%
Asie Brunei
50%
Asie Chine
50%
Afrique Burundi
49%
Afrique Cameroun
49%
Europe Danemark
48%
Afrique Burkina Faso
47%
Asie Cambodge
46%
Asie Corée du Nord
45%
Asie Corée du Sud
45%
Europe Finlande
45%
Amérique du Nord Costa Rica
44%
Europe Estonie
44%
Europe France
44%
Afrique Djibouti
43%
Afrique Cap-Vert
42%
Afrique Comores
42%
Europe Croatie
42%
Amérique du Nord Cuba
42%
Amérique du Sud Equateur
41%
Europe Espagne
41%
Océanie Fidji
41%
Asie Chypre
39%
Amérique du Nord Dominique
39%
Afrique Erythrée
39%
Afrique Eswatini
39%
Amérique du Nord Etats-Unis
39%
Afrique Gabon
39%
Afrique Guinée
39%
Afrique Guinée-Bissau
39%
Amérique du Nord Honduras
39%
Europe Hongrie
39%
Amérique du Nord Guatemala
38%
Afrique Guinée équatoriale
38%
Afrique Zimbabwe
38%
Afrique Ethiopie
37%
Afrique Ghana
37%
Amérique du Sud Guyana
37%
Europe Irlande
37%
Europe Islande
37%
Afrique Zambie
37%
Afrique Côte d'Ivoire
36%
Afrique Gambie
36%
Europe Grèce
36%
Amérique du Nord Haïti
36%
Asie Géorgie
35%
Amérique du Nord Grenade
35%
Europe Italie
35%
Amérique du Nord Jamaïque
35%
Asie Inde
34%
Asie Indonésie
34%
Afrique Egypte
33%
Asie Irak
33%
Asie Iran
33%
Asie Japon
33%
Asie Jordanie
33%
Asie Kazakhstan
33%
Océanie Kiribati
33%
Europe Kosovo
33%
Afrique Kenya
32%
Asie Kirghizistan
32%
Europe Lettonie
32%
Asie Emirats Arabes Unis
31%
Asie Israël
31%
Europe Lituanie
31%
Asie Koweït
30%
Asie Yémen
30%
Asie Laos
29%
Amérique du Sud Vénézuela
29%
Europe Liechtenstein
28%
Europe Vatican
28%
Asie Liban
27%
Afrique Libéria
27%
Europe Luxembourg
27%
Europe/Asie Russie
27%
Afrique Lesotho
26%
Afrique Libye
26%
Océanie Vanuatu
26%
Europe Macédoine
25%
Afrique Mali
25%
Afrique Madagascar
24%
Afrique Malawi
24%
Afrique Mauritanie
24%
Amérique du Nord République dominicaine
24%
Afrique Rwanda
24%
Asie/Europe Turquie
24%
Amérique du Sud Uruguay
24%
Asie Viêt Nam
24%
Océanie (Ïles) Marshall
23%
Asie Malaisie
23%
Europe Malte
23%
Océanie Nauru
23%
Europe Roumanie
23%
Océanie Tuvalu
23%
Asie Maldives
22%
Afrique Maroc
22%
Amérique du Nord Mexique
22%
Océanie Micronésie
22%
Europe Monaco
22%
Europe Monténégro
22%
Océanie Palaos
22%
Amérique du Sud Paraguay
22%
Europe République tchèque
22%
Europe Moldavie
21%
Amérique du Nord Nicaragua
21%
Océanie Nouvelle-Zélande
21%
Europe Portugal
21%
Europe Ukraine
21%
Afrique Namibie
20%
Afrique Niger
20%
Afrique Nigeria
20%
Europe Norvège
20%
Asie Oman
20%
Afrique Ouganda
20%
Asie Pakistan
20%
Amérique du Nord Panama
20%
Océanie Papouasie-Nouvelle-Guinée
20%
Amérique du Sud Pérou
20%
Océanie Samoa
20%
Asie Turkménistan
20%
Afrique Maurice
19%
Asie Mongolie
19%
Afrique Mozambique
19%
Asie Népal
19%
Asie Ouzbékistan
19%
Europe Pologne
19%
Europe Saint-Marin
19%
Amérique du Sud Suriname
19%
Océanie Tonga
19%
Asie Qatar
18%
Afrique République centrafricaine
18%
Amérique du Nord Sainte-Lucie
18%
Amérique du Nord Saint-Vincent-et-les-Grenadines
18%
Europe Slovaquie
18%
Europe Slovénie
18%
Europe Royaume-Uni
17%
Amérique du Nord Salvador
17%
Afrique Soudan
17%
Europe Suède
17%
Asie Tadjikistan
17%
Afrique Tanzanie
17%
Afrique Togo
17%
Océanie (Îles) Salomon
16%
Europe Pays-Bas
16%
Europe Serbie
16%
Afrique Soudan du Sud
16%
Europe Suisse
16%
Amérique du Nord Trinité-et-Tobago
16%
Afrique Tunisie
16%
Asie Philippines
15%
Afrique Somalie
15%
Afrique Sao Tomé-et-Principe
14%
Afrique Sénégal
14%
Asie Taïwan
14%
Afrique Seychelles
13%
Afrique Tchad
13%
Asie Timor Oriental
13%
Afrique Sierra Leone
12%
Asie Singapour
12%
Asie Thaïlande
12%
Asie Sri Lanka
11%
Amérique du Nord St-Christophe-et-Niévès
11%
Asie Syrie
11%
Aucun quiz correspondant
Distribution des résultats
% des personnes avec chaque résultat
Percentile par nombre de réponses
Votre historique - résultats
Vous n’avez pas pris ce quiz depuis la dernière actualisation